Угловая погрешность напряжения нулевой последовательности трансформатора напряжения типа НТМИ; Известия Томского политехнического института [Известия ТПИ]; Т. 282 : Электрическая изоляция и электрооборудование электрических станций
| Parent link: | Известия Томского политехнического института [Известия ТПИ]/ Томский политехнический институт (ТПИ).— , 1944-1976 Т. 282 : Электрическая изоляция и электрооборудование электрических станций.— 1974.— [С. 85-90] |
|---|---|
| Autor Principal: | |
| Summary: | Заглавие с титульного листа Электронная версия печатной публикации Анализируется угловая погрешность напряжения нулевой последовательности трансформатора напряжения типа НТМИ. Приводится схема замещения трансформатора для определения угловой погрешности. Даются рекомендации по температурной стабилизации угловой погрешности. |
| Idioma: | ruso |
| Publicado: |
1974
|
| Subjects: | |
| Acceso en liña: | Черно-белая версия для предварительного просмотра Цветная версия без потери качества |
| Formato: | MixedMaterials Electrónico Capítulo de libro |
| KOHA link: | https://koha.lib.tpu.ru/cgi-bin/koha/opac-detail.pl?biblionumber=238880 |
MARC
| LEADER | 00000nla2a2200000 4500 | ||
|---|---|---|---|
| 001 | 238880 | ||
| 005 | 20231031205238.0 | ||
| 035 | |a (RuTPU)RU\TPU\book\260090 | ||
| 035 | |a RU\TPU\book\260089 | ||
| 090 | |a 238880 | ||
| 100 | |a 20130531d1974 k y0rusy50 ca | ||
| 101 | 0 | |a rus | |
| 102 | |a RU | ||
| 135 | |a drnn ---uucaa | ||
| 181 | 0 | |a i | |
| 182 | 0 | |a b | |
| 200 | 1 | |a Угловая погрешность напряжения нулевой последовательности трансформатора напряжения типа НТМИ |b Электронный ресурс |f А. Х. Мусин | |
| 203 | |a Текст |c электронный | ||
| 215 | |a 2 файла (265 Кб, 8.6 Мб) | ||
| 230 | |a Электронные текстовые данные (2 файла : 265 Кб, 8.6 Мб) | ||
| 300 | |a Заглавие с титульного листа | ||
| 300 | |a Электронная версия печатной публикации | ||
| 320 | |a [Библиогр.: с. 90 (2 назв.)] | ||
| 330 | |a Анализируется угловая погрешность напряжения нулевой последовательности трансформатора напряжения типа НТМИ. Приводится схема замещения трансформатора для определения угловой погрешности. Даются рекомендации по температурной стабилизации угловой погрешности. | ||
| 337 | |a Adobe Reader | ||
| 461 | 1 | |0 (RuTPU)RU\TPU\book\200995 |t Известия Томского политехнического института [Известия ТПИ] |f Томский политехнический институт (ТПИ) |d 1944-1976 | |
| 463 | 1 | |0 (RuTPU)RU\TPU\book\260063 |t Т. 282 : Электрическая изоляция и электрооборудование электрических станций |v [С. 85-90] |d 1974 |p 104 с. | |
| 610 | 1 | |a электронный ресурс | |
| 610 | 1 | |a труды учёных ТПУ | |
| 675 | |a 621.314.222 |v 3 | ||
| 700 | 1 | |a Мусин |b А. Х. | |
| 801 | 1 | |a RU |b 63413507 |c 20090320 |g PSBO | |
| 801 | 2 | |a RU |b 63413507 |c 20130618 |g PSBO | |
| 856 | 4 | |u http://www.lib.tpu.ru/fulltext/v/Bulletin_TPU/1974/v282/19_bw.pdf |z Черно-белая версия для предварительного просмотра | |
| 856 | 4 | |u http://www.lib.tpu.ru/fulltext/v/Bulletin_TPU/1974/v282/19_full.pdf |z Цветная версия без потери качества | |
| 942 | |c CF | ||